000
00211 a2200097 4500
001
13694
100
_a
Gaulle, C D
245
_a
The War Memoirs
260
_a
New York
_b
Simon & Schuster
_c
090
_c
10689
_d
10689
942
_a
NUST-CAE
_c
M
_c
768
999
_c
248767
_d
248767